000 00520nam a2200205Ia 4500
003 OSt
005 20230415115019.0
008 210423s2011 xx 000 0 und d
020 _a9780763779474
040 _cAL
041 _aeng
082 _a515.8 DENC
100 _aDENLINGER (Charles G).
_988860
245 _aElements of real analysis.
260 _aBoston
_bJones & Bartlett Publishers
_c2011
300 _axxx,737
_bPB
365 _b2106
_cINR
906 _aanalysis. ; Elements ; real
942 _2ddc
_cBK
999 _c159860
_d159860